| 000 | 00849nam a2200253Ia 4500 | ||
|---|---|---|---|
| 003 | OSt | ||
| 005 | 20220923222431.0 | ||
| 006 | a|||||r|||| 00| 0 | ||
| 007 | ta | ||
| 008 | 220922b |||||||| |||| 00| 0 hin d | ||
| 024 | _a204,936 | ||
| 037 | _cTextual | ||
| 040 |
_aARTS _cARTS _bhin |
||
| 041 |
_2hin _ahin |
||
| 082 | _aO5925,3xN3, 152L8 | ||
| 100 | _aवर्मा, निर्मल, अनु. | ||
| 245 | 0 | _aइतने बड़े धब्बे | |
| 246 | _aItane baड़e dhabbe | ||
| 260 |
_aदिल्ली _b राधाकृष्ण प्रका0 _c1980 |
||
| 300 |
_a140पृ0 _ccm. |
||
| 650 |
_aचेकोस्लोवाकिया कहानी _9160488 |
||
| 942 |
_hO5925,3xN3, 152L8 _cTEXL _2CC |
||
| 999 |
_c355684 _d355684 |
||